| 000 | 003500000a22000970004500 | ||
|---|---|---|---|
| 100 | 1 | _aHoward, David M. | |
| 245 | 1 | 0 | _aEn los pasos del padre : La segunda generación de evangélicos latinoamericanos lleva el evangelio por todo el mundo |
| 300 | _aVol. 77, Num 3 (Julio-Septiembre, 1997), Página 4 | ||
| 773 | 0 | _tLatin America Evangelist | |
| 942 | _cANA | ||
| 999 |
_c55084 _d55084 |
||